| 000 | | | 05043cac2a2200277#x 450 |
| 001 | | | 4e25aae5-f639-44cd-a971-f52791271bec |
| 005 | | | 20250228141840.0 |
| 100 | ## | $a | 20130605l19161916k y0rusy50 ca |
| 101 | 0# | $a | rus |
| 102 | ## | $a | RU |
| 105 | ## | $a | y z ||||| |
| 200 | 1# | $a | Штрайх С. Я. "Литературное воспитание Н. И. Пирогова" |
| | $j | 1916 |
| 215 | ## | $a | 30 листов |
| 251 | ## | $c | Дело |
| 300 | ## | $a | С дарственной надписью автора А. Ф. Кони |
| 300 | ## | $a | Листы 1, 30 - обложки |
| 300 | ## | $a | Напечатано типографским способом |
| 330 | ## | $a | Материалы, преподнесенные и посвященные А. Ф. Кони; Книги и другие печатные издания |
| 461 | #0 | $1 | 0013a54f2e3-e9cf-409b-80fa-f0a9bd3c40cb |
| | $1 | 2001 |
| | $a | Кони Анатолий Федорович, юрист, литератор, член академии наук, председатель Санкт-Петербургского окружного суда, член государственного совета |
| | $1 | 251 |
| | $c | Фонд |
| | $1 | 852 |
| | $j | 564 |
| 462 | #0 | $1 | 00178a475cd-a47d-4377-bff3-cee4b81de655 |
| | $1 | 2001 |
| | $a | Опись дел фонда А. Ф. Кони за 1880-1931 гг. |
| | $v | Д. 4190 |
| | $1 | 251 |
| | $c | Опись |
| | $1 | 852 |
| | $j | 1 |
| 600 | #1 | $a | Пирогов |
| | $b | Н. И. |
| | $g | Николай Иванович |
| | $2 | nlr_sh |
| | $3 | RU\NLR\AUTH\6642682 |
| | $f | 1810 - 1881 |
| | $j | Архивные дела |
| 801 | #0 | $a | RU |
| | $b | GA_RF |
| 801 | #1 | $a | RU |
| | $b | НПО Опыт |
| | $c | 20130605 |
| | $2 | rusmarc |
| 801 | #2 | $a | RU |
| | $b | ПБ им. Б.Н. Ельцина |
| | $c | 20131113 |
| | $g | RCR |
| | $2 | rusmarc |
| 852 | ## | $a | ГА РФ |
| | $j | 4190 |
| 937 | ## | $d | 41481259 |
| | $h | ПБ |
| 035 | ## | $a | RuPRLIB51007010 |
| 122 | 0# | $a | d1916###### |
| 850 | ## | $a | Государственный архив Российской Федерации |
| 700 | #1 | $a | Штрайх |
| | $b | С. Я. |
| 605 | ## | $2 | acquisition_Prlib |
| | $3 | LIBNET\UAF\0000114831 |
| | $a | Н. И. Пирогов |
| | $l | коллекция |
| 605 | ## | $2 | acquisition_Prlib |
| | $3 | DITM\AF\0000004166 |
| | $a | Россия в лицах |
| | $l | коллекция |
| 605 | ## | $2 | acquisition_Prlib |
| | $3 | DITM\AF\0000003834 |
| | $a | Народ |
| | $l | коллекция |
| 686 | ## | $2 | rubbk |
| | $a | 63.3(2)52-8ю1 |
| | $v | LBC/M |
| 686 | ## | $2 | rubbk |
| | $a | 51.1(2)52ю1 |
| | $v | LBC/M |